000 00779nam a2200217Ii 4500
003 JO-AjNU
008 230605s9999||||xx |||||||||||||| ||und||
017 _a2005/8039
020 _a977-364-017-5
040 _aJO-AjNU
_bara
_erda
_cJO-AjNU
041 _aara
050 1 4 _aDP99.M65 2005
100 3 _aمؤنس، حسين,
_eauthor
_915400
245 0 0 _a (756-711) فجرالاندلس : دراسة في تاريخ الاندلس من الفتح الاسلامي الى الدولة الاموية
264 3 1 _aالقاهرة: دار الرشاد، 2005
300 _a614ص
336 _atext
_btxt
_2rdacontent
337 _aunmediated
_bn
_2rdamedia
338 _avolume
_bnc
_2rdacarrier
650 4 _aفتح الاندلس تاريخ - العصر الاسلامي
_915401
999 _aA4341
_c7909
_d7909